| 000 | 01212nas a2200277Ia 4500 | ||
|---|---|---|---|
| 001 | R220-R1926 | ||
| 003 | IT-CnALBA | ||
| 008 | 170116c99999999xx |||||||||||| ||und|| | ||
| 040 |
_aIT-CnALBA _cIT-CnALBA |
||
| 041 | _aPOLIGLOTTA | ||
| 100 | _aVANNUTELLI PRIMO | ||
| 210 | _aSYNOPTICA | ||
| 222 | _aSYNOPTICA | ||
| 245 | 0 | _aSYNOPTICA. COMMENTARII TRIMESTRALES. N. 1-4. ANNO IV. 1939. | |
| 250 | _a1a ed. | ||
| 260 |
_a ROMA _bISTITUTO GRAFICO TIBERINO _c1939 |
||
| 300 | _a180 p. | ||
| 310 | _aTRIMESTRALE | ||
| 362 | _aFascicolo: 1-4 / Anno: 4 (1939) | ||
| 500 | _aSAPORE ORIGINALE DI MARCO. INTERVENTI. PROTOVANGELO DI GIACOMO A CONFRONTO, SINOSSI. DUE PRINCIPI. NOSTRA SENTENZA. APPREZZAMENTO DI PIO XII PER LA RIVISTA. CONFRONTO DEI CODICI DEL PROTOVANGELO DI GIACOMO. | ||
| 501 | _aSocietà San Paolo EM - Piazza San Paolo, 14 - 12051 ALBA (CN) (non commercial uses only) ® Copyright 2017 | ||
| 520 | _aSAPORE ORIGINALE DI MARCO. INTERVENTI. PROTOVANGELO DI GIACOMO A CONFRONTO, SINOSSI. DUE PRINCIPI. NOSTRA SENTENZA. APPREZZAMENTO DI PIO XII PER LA RIVISTA. CONFRONTO DEI CODICI DEL PROTOVANGELO DI GIACOMO. | ||
| 650 | _aBIBBIA - TESTI E COMMENTI | ||
| 942 | _cCR | ||
| 957 | _71 | ||
| 999 |
_a11904 _bSI _g1 _c320001 _d320001 |
||